[Event "ch-European Rapid 2013"]
[Site "Warsaw POL"]
[Date "2013.12.14"]
[Round "4.22"]
[White "Mista, Aleksander"]
[Black "Czerwonski, Aleksander"]
[Result "1/2-1/2"]
[WhiteTitle "GM"]
[BlackTitle "IM"]
[WhiteElo "2583"]
[BlackElo "2379"]
[WhiteFideId "1110381"]
[BlackFideId "1100459"]
[EventDate "2013.12.14"]
[EventType "swiss"]

1. e4 e5 2. Nf3 Nc6 3. Bb5 a6 4. Ba4 Nf6 5. O-O Be7 6. d3 b5 7. Bb3 d6 8. a4 Bg4
9. c3 O-O 10. h3 Bd7 11. Nbd2 Na5 12. Bc2 c5 13. d4 Qc7 14. d5 c4 15. Nh2 Nb7
16. f4 exf4 17. Ndf3 Nh5 18. Nd4 g6 19. Bxf4 Nxf4 20. Rxf4 Bg5 21. Rf3 Nc5 22.
Qe2 Rae8 23. axb5 axb5 24. Raf1 Bh6 25. Qf2 Nxe4 26. Bxe4 Rxe4 27. Rxf7 Qc8 28.
Kh1 Rf4 29. Rxf4 Rxf4 30. Qe2 Qf8 31. Rxf4 Qxf4 32. Ng4 Bxg4 33. hxg4 Bf8 34.
Qe6+ Kg7 35. Nf3 Qc1+ 36. Kh2 Qf4+ 37. Kh3 Qf6 38. Qd7+ Be7 39. Qxb5 Qf4 40. Qd7
Kf8 41. Qc8+ Kg7 42. Qe6 Bf6 43. g5 Bxg5 44. Nxg5 Qxg5 45. Qxd6 Qh5+ 46. Kg3
Qg5+ 47. Kf3 Qf5+ 48. Kg3 Qg5+ 49. Kf3 Qf5+ 1/2-1/2

[Event "ch-European Rapid 2013"]
[Site "Warsaw POL"]
[Date "2013.12.14"]
[Round "4.23"]
[White "Kula, Robert"]
[Black "Dziuba, Marcin"]
[Result "0-1"]
[WhiteTitle "FM"]
[BlackTitle "GM"]
[WhiteElo "2319"]
[BlackElo "2576"]
[WhiteFideId "1101218"]
[BlackFideId "1112953"]
[EventDate "2013.12.14"]
[EventType "swiss"]

1. d4 Nf6 2. c4 g6 3. Nc3 Bg7 4. e4 d6 5. Be2 O-O 6. Bg5 c5 7. d5 h6 8. Be3 e6
9. Qd2 exd5 10. cxd5 Re8 11. f3 h5 12. h3 a6 13. g4 b5 14. Bg5 Qa5 15. Qf4 Nh7
16. Rc1 f6 17. Bh6 g5 18. Qxd6 Bxh6 19. Qxc5 Bf8 20. d6 Be6 21. h4 Nd7 22. Qd4
Qb6 23. Qxb6 Nxb6 24. hxg5 Nxg5 25. f4 Nf7 26. Rxh5 b4 27. Nd1 Bxa2 28. Rc6 Nd7
29. Ra5 Bb3 30. Nf2 Nxd6 31. Rc7 Rad8 32. g5 Nxe4 33. Nxe4 Rxe4 34. gxf6 Bd6 35.
Rg5+ Kf8 36. Ra7 Bxf4 37. Rh5 Nxf6 38. Rf5 Rd1+ 39. Kf2 Be3+ 40. Kf3 Bxa7 41.
Bxd1 Bxd1+ 42. Kg2 Ke7 43. Nh3 Bg4 44. Rg5 Re2+ 45. Kf1 Rxb2 46. Nf4 Rf2+ 0-1

[Event "ch-European Rapid 2013"]
[Site "Warsaw POL"]
[Date "2013.12.14"]
[Round "4.24"]
[White "Kulaots, Kaido"]
[Black "Pavlidis, Anastasios"]
[Result "1-0"]
[WhiteTitle "GM"]
[BlackTitle "FM"]
[WhiteElo "2558"]
[BlackElo "2342"]
[WhiteFideId "4500261"]
[BlackFideId "4208404"]
[EventDate "2013.12.14"]
[EventType "swiss"]

1. e4 e5 2. Nf3 Nc6 3. Bb5 a6 4. Ba4 Nf6 5. O-O Be7 6. d3 b5 7. Bb3 O-O 8. a4
Bb7 9. Nc3 b4 10. Nd5 Nxd5 11. Bxd5 d6 12. c3 Rb8 13. d4 bxc3 14. bxc3 exd4 15.
cxd4 Na5 16. Bxb7 Rxb7 17. d5 Bf6 18. Ra2 Nb3 19. Be3 Re8 20. Qd3 Qa8 21. Nd2
Nxd2 22. Bxd2 Reb8 23. g3 Rb2 24. Rxb2 Rxb2 25. Rc1 Qb7 26. Be3 Rb4 27. Rc4 Rxc4
28. Qxc4 h5 29. Kg2 Be5 30. Bd2 Bf6 31. Ba5 Bd8 32. Bc3 h4 33. g4 Qb1 34. e5
dxe5 35. Bxe5 Qg6 36. h3 Qb6 37. Qe4 Qb3 38. Bf4 Bf6 39. g5 Bc3 40. Qe8+ Kh7 41.
Qxf7 Qc2 42. Bxc7 Bd4 43. d6 Bf6 44. Qh5+ Kg8 45. gxf6 g6 46. Qg4 Qc6+ 47. Qf3 1-0

[Event "ch-European Rapid 2013"]
[Site "Warsaw POL"]
[Date "2013.12.14"]
[Round "4.25"]
[White "Wieczorek, Oskar"]
[Black "Gritsak, Orest"]
[Result "1-0"]
[WhiteTitle "IM"]
[BlackTitle "GM"]
[WhiteElo "2407"]
[BlackElo "2516"]
[WhiteFideId "1133950"]
[BlackFideId "14102188"]
[EventDate "2013.12.14"]
[EventType "swiss"]

1. e4 c5 2. Nf3 e6 3. d4 cxd4 4. Nxd4 a6 5. Nc3 Nc6 6. Be2 d6 7. O-O Bd7 8. Be3
Nf6 9. f4 b5 10. Bf3 Rc8 11. Re1 Be7 12. Bf2 O-O 13. a3 Qc7 14. Nb3 Rfd8 15. Qe2
Na5 16. Nxa5 Qxa5 17. Rad1 b4 18. axb4 Qxb4 19. e5 Ne8 20. exd6 Bxd6 21. Qxa6
Qb8 22. Ba7 Qc7 23. Bb6 Bc5+ 24. Bxc5 Qxc5+ 25. Kh1 Nf6 26. Ne4 Nxe4 27. Bxe4 g6
28. Qd6 Qxd6 29. Rxd6 Kf8 30. Red1 Ke7 31. Kg1 Rc7 32. b3 Rb8 33. R1d2 h6 34.
Kf2 g5 35. g3 f5 36. Bf3 Be8 37. R6d4 Rc5 38. h4 gxf4 39. gxf4 Kf6 40. R4d3 Ra5
41. Re3 Ra2 42. Rde2 Bd7 43. Rd3 Ke7 44. Ke3 Ra1 45. Rg2 Bb5 46. c4 Be8 47. Rg7+
Kf6 48. Rb7 Rc8 49. Rb6 Bf7 50. Rd1 Ra2 51. Rd2 Ra1 52. Rc2 Rg8 53. c5 Rg3 54.
Kf2 Rh3 55. c6 Bh5 56. Bg2 Rxh4 57. c7 Rxf4+ 58. Ke3 Re1+ 59. Kxf4 1-0

[Event "ch-European Rapid 2013"]
[Site "Warsaw POL"]
[Date "2013.12.14"]
[Round "4.26"]
[White "Tregubov, Pavel V."]
[Black "Licznerski, Lukasz"]
[Result "1-0"]
[WhiteTitle "GM"]
[BlackTitle "FM"]
[WhiteElo "2625"]
[BlackElo "2354"]
[WhiteFideId "4115341"]
[BlackFideId "1179250"]
[EventDate "2013.12.14"]
[EventType "swiss"]

1. d4 Nf6 2. Nf3 g6 3. c4 Bg7 4. g3 d5 5. cxd5 Nxd5 6. Bg2 Nb6 7. O-O Nc6 8. e3
O-O 9. Nc3 Re8 10. Re1 a5 11. d5 Nb4 12. e4 e6 13. a3 Na6 14. Bg5 f6 15. Be3 Nc4
16. Bc1 c6 17. b3 Nb6 18. dxc6 Qxd1 19. Rxd1 bxc6 20. Be3 Rb8 21. Rd6 Nd7 22.
Na4 Bf8 23. Rxc6 Rxb3 24. Bf1 Ndb8 25. Rc3 Rxc3 26. Nxc3 e5 27. Nd5 Kg7 28. Nd2
Be6 29. Nc4 a4 30. Ncb6 Nc5 31. f3 Nc6 32. Bb5 1-0

[Event "ch-European Rapid 2013"]
[Site "Warsaw POL"]
[Date "2013.12.14"]
[Round "4.27"]
[White "Maiorov, Nikita1"]
[Black "Szymanski, Piotr1"]
[Result "1-0"]
[WhiteTitle "GM"]
[WhiteElo "2552"]
[BlackElo "2243"]
[WhiteFideId "13501720"]
[BlackFideId "1118242"]
[EventDate "2013.12.14"]
[EventType "swiss"]

1. d4 Nf6 2. Nf3 d6 3. g3 Nbd7 4. Bg2 e5 5. c4 Be7 6. Nc3 O-O 7. O-O c6 8. e4 a6
9. a4 a5 10. h3 Ne8 11. Be3 g6 12. Qc2 Ng7 13. Rad1 Qc7 14. b3 b6 15. Nh2 Bb7
16. f4 f5 17. Nf3 fxe4 18. Nxe4 Nf5 19. Bc1 Nxd4 20. Nxd4 exd4 21. Rxd4 Nc5 22.
Bb2 d5 23. cxd5 cxd5 24. Nc3 Ne4 25. Bxe4 dxe4 26. Kh2 Ba6 27. Rc1 Bd3 28. Qg2
Bc5 29. Nxe4 Bxe4 30. Rxe4 Rad8 31. Ba1 Qd6 32. Rce1 Rf7 33. Re8+ Rxe8 34. Rxe8+
Rf8 35. Qb2 Kf7 36. Rxf8+ Qxf8 37. Qf6+ Ke8 38. Qxf8+ Kxf8 39. Kg2 Ke7 40. Kf3
Kd6 41. Ke4 Bf2 42. g4 Kc5 43. Bc3 Bh4 44. f5 gxf5+ 45. gxf5 Kd6 46. Bd4 Bd8 47.
Be5+ Kc5 48. f6 Bxf6 49. Bxf6 Kb4 50. Bd8 Kxb3 51. Bxb6 Kxa4 52. Kf5 Kb5 53. Bd8 1-0

[Event "ch-European Rapid 2013"]
[Site "Warsaw POL"]
[Date "2013.12.14"]
[Round "4.28"]
[White "Sotsky, Alexander"]
[Black "Grigoryan, Karen H."]
[Result "0-1"]
[WhiteTitle "IM"]
[BlackTitle "GM"]
[WhiteElo "2382"]
[BlackElo "2604"]
[WhiteFideId "4130715"]
[BlackFideId "13301004"]
[EventDate "2013.12.14"]
[EventType "swiss"]

1. d4 d6 2. Bg5 g6 3. e3 Bg7 4. c3 h6 5. Bh4 Nf6 6. f4 O-O 7. Nf3 c5 8. Bd3 Nc6
9. O-O Qc7 10. Qe2 e5 11. fxe5 dxe5 12. Nxe5 Nxe5 13. Bxf6 Ng4 14. Be5 Bxe5 15.
dxe5 Qxe5 16. Rf4 Qxe3+ 17. Qxe3 Nxe3 18. Re4 Nd1 19. Re7 Nxb2 20. Be4 Nc4 21.
a4 Nd6 22. Bd5 Bf5 23. Nd2 Rad8 24. c4 Nxc4 25. Nxc4 Rxd5 26. Ne3 Rd2 27. Nxf5
gxf5 28. Rf1 c4 29. Rc7 Rd5 30. Rxc4 b6 31. Rc7 Ra5 32. Rf4 Kg7 33. h4 Re8 34.
Rd4 Re4 35. Rdd7 Rxh4 36. Rxf7+ Kg6 37. Rxa7 Rhxa4 38. Rg7+ Kh5 39. Rab7 Rb4 40.
Rb8 Rd5 41. Rh8 Rg4 42. Rb7 Rg6 43. Rhb8 Rdd6 44. Rf8 Kg5 45. Kh2 h5 46. Rbf7
Rdf6 47. Rxf6 Rxf6 48. Rg8+ Kf4 49. Kh3 h4 50. Rh8 Kg5 51. Rb8 Rh6 52. Rg8+ Kf6
53. Rf8+ Ke5 54. Re8+ Kd5 55. Rd8+ Kc5 56. Re8 Rh5 57. Kh2 b5 58. Rc8+ Kd4 59.
Rd8+ Kc3 60. Rc8+ Kb3 61. Kg1 b4 62. Kf2 Kb2 63. Kf3 b3 64. Kf4 Kb1 65. Rc5 b2
66. Rc8 Rh7 67. Kxf5 Rg7 0-1

[Event "ch-European Rapid 2013"]
[Site "Warsaw POL"]
[Date "2013.12.14"]
[Round "4.29"]
[White "Stupak, Kirill"]
[Black "Nasuta, Grzegorz"]
[Result "1/2-1/2"]
[WhiteTitle "GM"]
[BlackTitle "FM"]
[WhiteElo "2505"]
[BlackElo "2331"]
[WhiteFideId "13503758"]
[BlackFideId "1141686"]
[EventDate "2013.12.14"]
[EventType "swiss"]

1. d4 Nf6 2. g3 g6 3. Bg2 d5 4. c4 Bg7 5. Nf3 dxc4 6. O-O O-O 7. Na3 Na6 8. Nxc4
c5 9. b3 Be6 10. Bb2 Bxc4 11. bxc4 cxd4 12. Nxd4 Nc5 13. Nb3 Rc8 14. Bd4 Nfe4
15. e3 b6 16. Qc2 Nd6 17. Bxc5 bxc5 18. Rad1 Qb6 19. Rd5 Qb4 20. Rc1 a5 21. Nd2
a4 22. Rb1 Qa5 23. e4 Rfd8 24. Qd3 Qc3 25. Qxc3 Bxc3 26. e5 Bxd2 27. exd6 Rxd6
28. Rxd6 exd6 29. Rd1 Bc3 30. Rxd6 a3 31. Ra6 Bb4 32. Ra7 Re8 33. Bd5 Re2 34. g4
h6 35. Rxf7 Rxa2 36. Rf6+ Kg7 1/2-1/2

[Event "ch-European Rapid 2013"]
[Site "Warsaw POL"]
[Date "2013.12.14"]
[Round "4.30"]
[White "Mede, Istvan"]
[Black "Olszewski, Michal"]
[Result "0-1"]
[WhiteTitle "FM"]
[BlackTitle "GM"]
[WhiteElo "2298"]
[BlackElo "2551"]
[WhiteFideId "711535"]
[BlackFideId "1121251"]
[EventDate "2013.12.14"]
[EventType "swiss"]

1. e4 c5 2. Nf3 d6 3. d4 cxd4 4. Nxd4 Nf6 5. Nc3 a6 6. h3 e5 7. Nde2 h5 8. g3
Be6 9. Bg2 Nbd7 10. Nd5 Bxd5 11. exd5 Qc7 12. Be3 g6 13. O-O Bg7 14. b3 b5 15.
Qd2 O-O 16. a4 Rfc8 17. axb5 axb5 18. Rxa8 Rxa8 19. Nc3 Qa5 20. b4 Qxb4 21. Rb1
Qc4 22. Bf1 Ne4 23. Nxe4 Qxe4 24. Bxb5 Nf6 25. Qd3 Qf3 26. Rd1 Ra3 27. Qxa3
Qxd1+ 28. Bf1 Qxd5 29. c4 Qc6 30. Qb3 Qd7 31. Bg2 Kh7 32. Qb5 Qe6 33. Bg5 Bh6
34. Bxf6 Qxf6 35. Qe8 Kg7 36. h4 Bd2 37. Qc6 Bb4 38. Qe4 Bc5 39. Bf3 Qe7 40. Kg2
Qa7 41. Qe2 Qa3 42. Bd5 f5 43. Qc2 e4 44. Bxe4 fxe4 45. Qxe4 Qa7 46. f4 Kf6 47.
Qe8 Qb7+ 48. Kh2 Kf5 49. g4+ hxg4 50. Qf8+ Ke4 51. Qe8+ Kf3 52. Qh8 g3+ 0-1

[Event "ch-European Rapid 2013"]
[Site "Warsaw POL"]
[Date "2013.12.14"]
[Round "4.31"]
[White "Jakubowski, Krzysztof"]
[Black "Korchmar, Vasiliy"]
[Result "1/2-1/2"]
[WhiteTitle "GM"]
[BlackTitle "FM"]
[WhiteElo "2527"]
[BlackElo "2347"]
[WhiteFideId "1112848"]
[BlackFideId "24131750"]
[EventDate "2013.12.14"]
[EventType "swiss"]

1. d4 d5 2. Bf4 Nf6 3. e3 c6 4. c4 e6 5. Nc3 Bb4 6. Qb3 Qa5 7. a3 Bxc3+ 8. Qxc3
Qxc3+ 9. bxc3 dxc4 10. Bxc4 Nd5 11. Kd2 Nxf4 12. exf4 b6 13. Nf3 Ba6 14. Ne5
Bxc4 15. Nxc4 Nd7 16. f5 O-O 17. fxe6 fxe6 18. f3 c5 19. Rhe1 Rad8 20. Rad1 cxd4
21. cxd4 e5 22. Kc3 exd4+ 23. Rxd4 Nc5 24. Rxd8 Rxd8 25. Re7 Rd3+ 26. Kc2 Rd7
27. Re8+ Kf7 28. Rh8 Re7 29. Kd2 Rd7+ 30. Ke2 Re7+ 31. Kd2 Rd7+ 32. Ke2 Re7+ 1/2-1/2

[Event "ch-European Rapid 2013"]
[Site "Warsaw POL"]
[Date "2013.12.14"]
[Round "4.32"]
[White "Vuilleumier, Alexandre"]
[Black "Dourerassou, Jonathan"]
[Result "0-1"]
[WhiteTitle "IM"]
[BlackTitle "IM"]
[WhiteElo "2326"]
[BlackElo "2485"]
[WhiteFideId "1305662"]
[BlackFideId "628050"]
[EventDate "2013.12.14"]
[EventType "swiss"]

1. e4 c5 2. Nf3 d6 3. c3 Nf6 4. h3 g6 5. Bd3 Bg7 6. O-O O-O 7. Bc2 Nc6 8. d4 Qc7
9. d5 Na5 10. Bf4 Nc4 11. b3 Nb6 12. Qd2 Rd8 13. Na3 a6 14. Rae1 c4 15. b4 a5
16. b5 Bd7 17. Be3 Be8 18. Bd4 Rdc8 19. Nh2 Nbd7 20. f4 Nc5 21. g4 e5 22. fxe5
dxe5 23. Bf2 Qe7 24. Bh4 Nd3 25. Bxd3 cxd3 26. Nb1 Bxb5 27. Rf2 Ra6 28. Qb2 Qc5
29. Nf3 Rb6 30. Nxe5 Re8 31. Bg3 Nh5 32. gxh5 Bxe5 33. Kg2 Bc4 34. Qa3 Qc7 35.
Bxe5 Rxe5 36. Nd2 Bxd5 0-1

[Event "ch-European Rapid 2013"]
[Site "Warsaw POL"]
[Date "2013.12.14"]
[Round "4.33"]
[White "Luksik, Mateusz"]
[Black "Leniart, Arkadiusz"]
[Result "1/2-1/2"]
[BlackTitle "IM"]
[WhiteElo "2071"]
[BlackElo "2472"]
[WhiteFideId "1114913"]
[BlackFideId "1124226"]
[EventDate "2013.12.14"]
[EventType "swiss"]

1. e4 e5 2. Nf3 Nc6 3. Bb5 a6 4. Bxc6 dxc6 5. d4 exd4 6. Qxd4 Qxd4 7. Nxd4 Bd7
8. O-O O-O-O 9. Nc3 c5 10. Nde2 Re8 11. f3 f5 12. Ng3 g6 13. Be3 Nf6 14. Rfe1
Bd6 15. exf5 gxf5 16. Bg5 Ref8 17. Rad1 Rhg8 18. Bxf6 Rxf6 19. Nd5 Rf7 20. Nb6+
Kd8 21. Nxd7 Kxd7 22. Rd5 Kc6 23. c4 Rgf8 24. b3 b5 25. Kf2 Kb6 26. Re6 Ka5 27.
Ne2 Kb4 28. Nc1 bxc4 29. a3+ Kxa3 30. bxc4 Kb4 31. Rd3 Kxc4 32. Re2 Kb5 33. Ra2
Ra8 34. Ne2 c4 35. Rd5+ Kc6 36. Raa5 Bb4 37. Nd4+ Kb7 38. Ra4 a5 39. Rb5+ Kc8
40. Rbxb4 axb4 1/2-1/2

[Event "ch-European Rapid 2013"]
[Site "Warsaw POL"]
[Date "2013.12.14"]
[Round "4.34"]
[White "Dragun, Kamil"]
[Black "Gasik, Anna"]
[Result "1-0"]
[WhiteTitle "GM"]
[BlackTitle "WIM"]
[WhiteElo "2530"]
[BlackElo "2257"]
[WhiteFideId "1134167"]
[BlackFideId "1121952"]
[EventDate "2013.12.14"]
[EventType "swiss"]

1. d4 d5 2. c4 c6 3. Nc3 Nf6 4. cxd5 cxd5 5. Bf4 Nc6 6. e3 a6 7. Bd3 g6 8. h3
Bf5 9. Bxf5 gxf5 10. Nf3 e6 11. Ne5 Qb6 12. O-O Qxb2 13. Na4 Qa3 14. Nxc6 bxc6
15. Qc2 c5 16. dxc5 Ne4 17. Nb6 Rd8 18. c6 Qc5 19. Qb2 Qxc6 20. Rfc1 Qb5 21.
Qxh8 Qxb6 22. Bc7 Qb2 23. Qxb2 1-0

[Event "ch-European Rapid 2013"]
[Site "Warsaw POL"]
[Date "2013.12.14"]
[Round "4.35"]
[White "Krasenkova, Ilena"]
[Black "Kovalev, Vladislav"]
[Result "0-1"]
[WhiteTitle "WIM"]
[BlackTitle "GM"]
[WhiteElo "2145"]
[BlackElo "2574"]
[WhiteFideId "4119037"]
[BlackFideId "13504398"]
[EventDate "2013.12.14"]
[EventType "swiss"]

1. d4 Nf6 2. c4 g6 3. Nc3 Bg7 4. e4 d6 5. h3 O-O 6. Nf3 e5 7. d5 Nh5 8. Nh2 Qe8
9. Be2 Nf4 10. Bf3 f5 11. O-O a5 12. Re1 Qf7 13. Be3 Na6 14. a3 Nc5 15. b4 axb4
16. axb4 Rxa1 17. Qxa1 Nb3 18. Qd1 Nd4 19. c5 Bd7 20. exf5 gxf5 21. Bxf4 exf4
22. c6 bxc6 23. dxc6 Bxc6 24. Bxc6 Nxc6 25. Nd5 Ra8 26. Nf3 Ra1 27. Qd2 Rxe1+
28. Nxe1 Nd4 29. Nxf4 Qc4 30. Nh5 Be5 31. Nd3 Kf7 32. Nxe5+ dxe5 33. Qg5 Qc1+
34. Qxc1 Ne2+ 35. Kf1 Nxc1 36. b5 Nb3 37. Ng3 Ke6 38. Ne2 Kd5 39. Ng3 Nd4 40.
Nh5 Nxb5 41. Nf6+ Ke6 42. Nxh7 Nd4 43. Ke1 f4 44. h4 Kf5 45. Ng5 Kg4 46. Nf7 e4
47. Ng5 e3 48. fxe3 fxe3 49. Nf3 c5 50. Ne5+ Kxh4 51. Nc4 e2 52. Ne5 Kg3 53. Nd3
Kxg2 54. Nxc5 Kf3 55. Nd3 Ke3 56. Nb4 Nf3# 0-1

[Event "ch-European Rapid 2013"]
[Site "Warsaw POL"]
[Date "2013.12.14"]
[Round "4.36"]
[White "Pakleza, Zbigniew"]
[Black "Choroszej, Aleksander"]
[Result "1-0"]
[WhiteTitle "IM"]
[WhiteElo "2490"]
[BlackElo "2190"]
[WhiteFideId "1119290"]
[BlackFideId "1140825"]
[EventDate "2013.12.14"]
[EventType "swiss"]

1. d4 g6 2. Nf3 Bg7 3. Bf4 d6 4. e3 Nf6 5. h3 O-O 6. Be2 c5 7. c3 Nc6 8. O-O Qb6
9. Qb3 Be6 10. Qxb6 axb6 11. a3 c4 12. Nbd2 d5 13. Rfe1 h6 14. Bh2 b5 15. Rac1
Nd7 16. e4 dxe4 17. Nxe4 Bd5 18. Bd1 e5 19. dxe5 Ncxe5 20. Nxe5 Nxe5 21. Bxe5
Bxe5 22. Bf3 Bc6 23. Nc5 Bf4 24. Rcd1 Bxf3 25. gxf3 Rad8 26. Nxb7 Rxd1 27. Rxd1
Re8 28. Kf1 Re5 29. Rd8+ Kg7 30. Nd6 Bc1 31. Rb8 Bxb2 32. Rxb5 Bxc3 33. Rxe5
Bxe5 34. Nxc4 Bd4 35. a4 Kf6 36. a5 Ke6 37. f4 Kd5 38. Ne5 Ke6 39. a6 Bb6 40.
Ke2 g5 41. Nc4 Bc5 42. fxg5 hxg5 43. f3 Kd5 44. Kd3 Ba7 45. Ne3+ Ke5 46. Ng2 Kd5
47. Ke2 Ke5 48. f4+ gxf4 49. Kf3 Kf5 50. h4 Bc5 51. Nxf4 Ba7 52. Nd5 Kg6 53. Kg4
f5+ 54. Kg3 Kf7 55. Kf3 Ke6 56. Nf4+ Ke5 57. h5 Kf6 58. h6 Bc5 59. Kg3 Ba7 60.
Kh4 1-0

[Event "ch-European Rapid 2013"]
[Site "Warsaw POL"]
[Date "2013.12.14"]
[Round "4.37"]
[White "Smieszek, Wojciech"]
[Black "Kanarek, Marcel"]
[Result "0-1"]
[BlackTitle "IM"]
[WhiteElo "1907"]
[BlackElo "2473"]
[WhiteFideId "1156047"]
[BlackFideId "1126822"]
[EventDate "2013.12.14"]
[EventType "swiss"]

1. e4 c5 2. Nf3 d6 3. d4 Nf6 4. Nc3 cxd4 5. Nxd4 g6 6. Be3 Bg7 7. f3 O-O 8. Qd2
Nc6 9. Bc4 Nxd4 10. Bxd4 Be6 11. Bb3 Qa5 12. O-O-O b5 13. Kb1 Rfc8 14. Bxf6 Bxf6
15. Nd5 Qxd2 16. Nxf6+ Kg7 17. Nh5+ gxh5 18. Rxd2 Rc5 19. c3 Bxb3 20. axb3 Kf6
21. b4 Rg5 22. g3 h4 23. g4 Ke5 24. Rf1 Kf4 25. Rd4 Re5 26. Kc2 a5 27. bxa5 Rxa5
28. Kd2 Ra2 29. Rb4 Ra4 30. Rb3 Rc5 31. Ke2 h3 32. Rd1 h5 33. Rg1 Rg5 34. Kf2
hxg4 35. Rxg4+ Rxg4 36. fxg4 Kxg4 37. Rxb5 Rxe4 38. Rb4 Kf5 39. Rxe4 Kxe4 40.
Kg3 f5 41. Kxh3 Ke3 42. Kg2 Ke2 43. Kg3 e5 44. b4 f4+ 45. Kg4 f3 46. b5 f2 47.
b6 f1=Q 48. b7 Qf3+ 49. Kg5 Qxb7 0-1

[Event "ch-European Rapid 2013"]
[Site "Warsaw POL"]
[Date "2013.12.14"]
[Round "4.38"]
[White "Socko, Bartosz"]
[Black "Szewczyk, Mariusz2"]
[Result "1-0"]
[WhiteTitle "GM"]
[WhiteElo "2657"]
[BlackElo "1997"]
[WhiteFideId "1107038"]
[BlackFideId "1147579"]
[EventDate "2013.12.14"]
[EventType "swiss"]

1. e4 e5 2. Nf3 Nf6 3. Nxe5 d6 4. Nf3 Nxe4 5. d4 d5 6. Bd3 Be7 7. O-O O-O 8. c4
c6 9. Qc2 Nf6 10. Nc3 dxc4 11. Bxc4 Nbd7 12. h3 Nb6 13. Bb3 h6 14. Re1 Bd6 15.
Ne5 Bc7 16. Bxh6 Bxe5 17. dxe5 gxh6 18. Qg6+ Kh8 19. Qxh6+ Nh7 20. Bc2 f5 21.
exf6 Rf7 22. Bg6 1-0

[Event "ch-European Rapid 2013"]
[Site "Warsaw POL"]
[Date "2013.12.14"]
[Round "4.40"]
[White "Warszawski, Bartosz"]
[Black "Sieciechowicz, Marcin"]
[Result "1-0"]
[BlackTitle "IM"]
[WhiteElo "2232"]
[BlackElo "2457"]
[WhiteFideId "1110799"]
[BlackFideId "1130170"]
[EventDate "2013.12.14"]
[EventType "swiss"]

1. e4 e6 2. d4 d5 3. Nc3 Bb4 4. exd5 exd5 5. Bd3 Nc6 6. a3 Ba5 7. Ne2 Nge7 8.
O-O Bf5 9. Bg5 f6 10. Be3 Qd7 11. Ng3 Bxc3 12. Nxf5 Nxf5 13. bxc3 Nd6 14. Bf4
O-O-O 15. Bxd6 cxd6 16. Qf3 Qf7 17. Rab1 Kb8 18. Rb5 Ne7 19. Rfb1 Rd7 20. c4 a6
21. Rb6 Nc8 22. R6b4 Re8 23. cxd5 Ka7 24. h3 Rde7 25. Kh2 g6 26. c4 Rc7 27. c5
Ree7 28. c6 bxc6 29. dxc6 d5 30. Bxa6 1-0

[Event "ch-European Rapid 2013"]
[Site "Warsaw POL"]
[Date "2013.12.14"]
[Round "4.41"]
[White "Druska, Juraj"]
[Black "Fernandez De Bobadilla, Jaime"]
[Result "1-0"]
[WhiteTitle "FM"]
[BlackTitle "CM"]
[WhiteElo "2370"]
[BlackElo "2210"]
[WhiteFideId "14915650"]
[BlackFideId "2230151"]
[EventDate "2013.12.14"]
[EventType "swiss"]

1. e4 e5 2. Nf3 Nc6 3. Bc4 Bc5 4. O-O Nf6 5. d4 Bxd4 6. Nxd4 Nxd4 7. f4 d6 8.
fxe5 dxe5 9. Bg5 Be6 10. Na3 Qe7 11. Bxf6 gxf6 12. c3 Nc6 13. Kh1 Bd7 14. Qf3
O-O-O 15. Qxf6 Qc5 16. Rad1 Rhf8 17. Rd3 Bg4 18. Rxd8+ Rxd8 19. h3 Be6 20. Bxe6+
fxe6 21. Qxe6+ Kb8 22. Qh6 a6 23. Nc2 Qb5 24. Qc1 Qd3 25. Re1 Qg3 26. Ne3 Rg8
27. Qd2 Rd8 28. Qe2 Rf8 29. Nf5 Qf4 30. Rf1 Qg5 31. Rd1 h5 32. b4 Rd8 33. Rxd8+
Qxd8 34. Qxh5 Qd2 35. Qf3 Qxa2 36. h4 Qf7 37. h5 Ne7 38. Kh2 Ng8 39. h6 Qg6 40.
Qh3 Nf6 41. Kh1 Ka7 42. Qh4 b6 43. g4 Nxg4 44. h7 Nf2+ 45. Qxf2 Qxh7+ 46. Kg2
Qg8+ 47. Kf3 Qc4 48. Qd2 Qf1+ 49. Ke3 Qh3+ 50. Ke2 Qg2+ 51. Kd3 Qf1+ 52. Kc2 Qc4
53. Qd5 Qe2+ 54. Kb3 Qe1 55. Qd3 Qa1 56. Ne7 a5 57. Nc6+ Kb7 58. bxa5 Kxc6 59.
Qd5# 1-0

[Event "ch-European Rapid 2013"]
[Site "Warsaw POL"]
[Date "2013.12.14"]
[Round "4.42"]
[White "Baliasnyj, Timur"]
[Black "Golubka, Petr"]
[Result "0-1"]
[BlackTitle "IM"]
[WhiteElo "2260"]
[BlackElo "2385"]
[WhiteFideId "12802719"]
[BlackFideId "14114224"]
[EventDate "2013.12.14"]
[EventType "swiss"]

1. c4 e6 2. g3 d5 3. Bg2 c5 4. Nf3 Nc6 5. O-O Nf6 6. d4 Be7 7. Nc3 O-O 8. cxd5
exd5 9. Bg5 cxd4 10. Nxd4 h6 11. Be3 Re8 12. Rc1 Bf8 13. h3 Be6 14. Qd2 Qd7 15.
Kh2 Bb4 16. a3 Bf8 17. f4 Bf5 18. Nxf5 Qxf5 19. Bg1 Rad8 20. Qd3 Qe6 21. Rfd1
Rd7 22. Bf3 h5 23. Nb5 h4 24. g4 Bd6 25. Nxd6 Qxd6 26. Qf5 g6 27. Qg5 Ne4 28.
Bxe4 Rxe4 29. e3 d4 30. Qxh4 Qe6 31. Qg3 Qa2 32. Rc2 Rde7 33. Rd3 Qb1 34. Rcd2
Qc1 35. Rd1 Qxb2+ 36. R3d2 Qxa3 37. exd4 Re2+ 38. Bf2 Qb4 39. Qd3 Nxd4 40. Qxd4
Qxd4 41. Rxd4 Rxf2+ 42. Kg3 Rfe2 43. f5 g5 44. R1d3 R7e3+ 45. Rxe3 Rxe3+ 46. Kg2
Kg7 47. Rd7 Rb3 48. h4 gxh4 49. g5 Rg3+ 50. Kh2 Rxg5 51. Rxb7 a5 52. Rb5 a4 53.
Ra5 Rg4 54. Kh3 Rf4 55. Ra6 Kh7 56. Rf6 Kg8 57. Ra6 Kf8 58. f6 Kg8 59. Ra7 Rb4
60. Kh2 Kh7 61. Rxf7+ Kg6 62. Rf8 Kf5 63. Kh3 Kg5 64. Kg2 Rg4+ 65. Kh2 Rf4 66.
f7 Kg6 67. Kh3 Kg7 68. Ra8 Kxf7 69. Ra6 Ke7 0-1

[Event "ch-European Rapid 2013"]
[Site "Warsaw POL"]
[Date "2013.12.14"]
[Round "4.43"]
[White "Meskovs, Nikita"]
[Black "Iwanow, Anna"]
[Result "1-0"]
[WhiteTitle "FM"]
[BlackTitle "WIM"]
[WhiteElo "2431"]
[BlackElo "2208"]
[WhiteFideId "11602740"]
[BlackFideId "1135988"]
[EventDate "2013.12.14"]
[EventType "swiss"]

1. e4 c5 2. Nf3 e6 3. d4 cxd4 4. Nxd4 Nc6 5. Nc3 Qc7 6. Be2 Nf6 7. O-O a6 8. Be3
Be7 9. a4 O-O 10. Qd2 Bb4 11. Bd3 b6 12. Nb3 Bb7 13. Bf4 e5 14. Bg5 Ne8 15. Qe2
Bxc3 16. bxc3 h6 17. Be3 Nd6 18. Rfb1 Ne7 19. Nd2 Nec8 20. c4 f5 21. f3 f4 22.
Bf2 a5 23. Nb3 Bc6 24. c5 bxc5 25. Nxc5 Qd8 26. Ba6 g5 27. Qd3 h5 28. Bb5 Qe7
29. Na6 Rxa6 30. Bxa6 g4 31. Bc5 gxf3 32. gxf3 Rf6 33. Kh1 Rg6 34. Rg1 1-0